[Event "Senioren 2018"]
[Site "Bad Woerishofen"]
[Date "2018.03.02"]
[Round "8"]
[White "Kirchner, Ulrich"]
[Black "Schuessler, Thomas G"]
[Result "1-0"]
[WhiteElo "1643"]
[BlackElo "1811"]
[PlyCount "107"]
[EventDate "2018.??.??"]
[WhiteTeam "SF Blaustein"]
[BlackTeam "SC Wiesloch / SF Baiertal"]

1. d4 f5 2. Nf3 Nf6 3. g3 g6 4. Bg2 Bg7 5. O-O O-O 6. c4 d6 7. Nc3 c6 8. b3
Nbd7 9. Bb2 e5 10. dxe5 dxe5 11. e3 h6 12. Qc2 e4 13. Nd4 Ne5 14. Rad1 Nd3 15.
Ba1 Qe7 16. Nce2 Nd7 17. Nc1 c5 18. Nxd3 exd3 19. Bd5+ Kh7 20. Rxd3 cxd4 21.
Bxd4 Bxd4 22. Rxd4 Nf6 23. Rfd1 Nxd5 24. cxd5 Qd6 25. Rc4 Bd7 26. Qc3 Rac8 27.
Qd4 Rxc4 28. bxc4 b6 29. f3 Qc5 30. Qxc5 bxc5 31. Rb1 a5 32. Rb7 Rd8 33. e4
fxe4 34. fxe4 Kg8 35. e5 Bf5 36. Rc7 Rc8 37. Ra7 Kf8 38. Rh7 h5 39. e6 Kg8 40.
Re7 Rd8 41. Rc7 Rd6 42. Rxc5 Kf8 43. Rxa5 Ke7 44. Ra7+ Ke8 45. a4 Bd3 46. Rc7
Kd8 47. Rc5 Ra6 48. a5 Ke7 49. Rc7+ Kd8 50. Rd7+ Kc8 51. d6 Rxa5 52. Rc7+ Kd8
53. e7+ Ke8 54. Rc8+ 1-0

[Event "Senioren 2018"]
[Site "Bad Woerishofen"]
[Date "2018.03.02"]
[Round "8"]
[White "Koppenhoefer, Heinz"]
[Black "Rothenhagen, Siegfried"]
[Result "1/2-1/2"]
[WhiteElo "1589"]
[BlackElo "1775"]
[PlyCount "53"]
[EventDate "2018.??.??"]
[WhiteTeam "TSV Solln"]
[BlackTeam "Sportfr.Windach"]

1. e4 d5 2. exd5 Qxd5 3. d4 Nf6 4. Be3 c6 5. c4 Qd8 6. Nc3 Bg4 7. Be2 Bxe2 8.
Qxe2 e6 9. Nf3 Be7 10. a3 Nbd7 11. h3 O-O 12. O-O h6 13. Rfd1 Nh7 14. Qd2 Bg5
15. Bxg5 Nxg5 16. Nxg5 Qxg5 17. Ne4 Qxd2 18. Rxd2 Nb6 19. b3 Rfd8 20. Rad1 a5
21. a4 Rac8 22. Rd3 Rc7 23. Kf1 Kf8 24. Ke2 Rcd7 25. Nc5 Rc7 26. Rf3 Re7 27.
Rc3 1/2-1/2

[Event "Senioren 2018"]
[Site "Bad Woerishofen"]
[Date "2018.03.02"]
[Round "8"]
[White "Kuenne, Lutz"]
[Black "Schulz, Franz"]
[Result "0-1"]
[WhiteElo "1597"]
[BlackElo "1630"]
[PlyCount "102"]
[EventDate "2018.??.??"]
[WhiteTeam "KC Jena"]
[BlackTeam "SV Ebersbach"]

1. d4 Nf6 2. Bf4 e6 3. Nf3 Nc6 4. e3 Nh5 5. Bg5 Be7 6. Bxe7 Qxe7 7. c3 Nf6 8.
Bd3 d5 9. Nbd2 O-O 10. Qc2 h6 11. h4 a5 12. Ne5 Nxe5 13. dxe5 Nd7 14. f4 b6 15.
Nf3 Ba6 16. Bxa6 Rxa6 17. g4 Nc5 18. g5 Ne4 19. gxh6 gxh6 20. O-O-O Raa8 21.
Rdg1+ Kh8 22. Nd2 f5 23. exf6 Nxf6 24. Qg6 h5 25. Qh6+ Qh7 26. Qxh7+ Kxh7 27.
Nf3 Rae8 28. Rg2 Rg8 29. Ng5+ Kh6 30. Nf7+ Kh7 31. Rhg1 Rxg2 32. Rxg2 Ng4 33.
Kd2 Kg6 34. Ne5+ Kf5 35. Ke2 Rg8 36. Nf3 c5 37. Ng5 e5 38. Kf3 exf4 39. exf4
Re8 40. Re2 Rxe2 41. Kxe2 Kxf4 42. Nf3 Ne5 43. Nxe5 Kxe5 44. Ke3 Kf5 45. a4 Kg4
46. b3 Kxh4 47. Kf4 Kh3 48. Kf3 h4 49. Kf2 Kh2 50. Kf1 h3 51. Kf2 d4 0-1

[Event "Senioren 2018"]
[Site "Bad Woerishofen"]
[Date "2018.03.02"]
[Round "8"]
[White "Kumeth, Hartmut"]
[Black "Gulinelli, Euro"]
[Result "0-1"]
[WhiteElo "1730"]
[BlackElo "1532"]
[PlyCount "86"]
[EventDate "2018.??.??"]
[WhiteTeam "SK Oldenburg"]

1. d4 Nf6 2. Nf3 g6 3. c4 Bg7 4. Nc3 O-O 5. e4 d6 6. Be2 e5 7. d5 a5 8. h3 Nbd7
9. Be3 b6 10. O-O Nc5 11. Bxc5 bxc5 12. Qd2 Bd7 13. a4 Qc8 14. Qd3 Nh5 15. Nh2
Nf4 16. Qg3 f5 17. f3 Nh5 18. Qe1 f4 19. Bd3 Ng3 20. Rf2 Bf6 21. Bf1 Bh4 22.
Rd2 Qd8 23. Qd1 Rf7 24. Nb5 Nxf1 25. Qxf1 Bg3 26. Ra3 Rb8 27. Rad3 Be8 28. b3
Qg5 29. Re2 Bh4 30. Ng4 h5 31. Nf2 Rg7 32. b4 cxb4 33. Qc1 Rb7 34. c5 Rxb5 35.
axb5 Bxb5 36. cxd6 cxd6 37. Qc8+ Kh7 38. Qb8 Bxf2+ 39. Rxf2 Bxd3 40. Qxd6 Qe7
41. Qb6 Qa7 42. Qf6 Qd4 43. Qe6 b3 0-1

[Event "Senioren 2018"]
[Site "Bad Woerishofen"]
[Date "2018.03.02"]
[Round "8"]
[White "Lange, Manfred"]
[Black "Halli, Gerhard"]
[Result "1/2-1/2"]
[WhiteElo "2061"]
[BlackElo "1898"]
[PlyCount "68"]
[EventDate "2018.??.??"]
[WhiteTeam "SV Würzburg"]
[BlackTeam "SK Sandhausen"]

1. Nf3 d5 2. c4 e6 3. g3 Nf6 4. Bg2 Be7 5. d4 O-O 6. O-O c6 7. Nc3 Nbd7 8. Qc2
Bd6 9. Bg5 h6 10. Bxf6 Nxf6 11. e4 Be7 12. e5 Ne8 13. c5 f5 14. exf6 Bxf6 15.
Rfe1 Nc7 16. Re2 Qd7 17. Rae1 Qf7 18. Ne5 Bxe5 19. Rxe5 Bd7 20. f4 Rae8 21. Bf3
g6 22. Bg2 Qg7 23. Bh3 Rf6 24. Qd2 Qf8 25. b4 Kg7 26. a4 a6 27. Nd1 Kh7 28. Nf2
Qg7 29. Nd3 Ra8 30. Kh1 Raf8 31. g4 Bc8 32. Rg1 R6f7 33. Qe3 Bd7 34. Rf1 g5
1/2-1/2

[Event "Senioren 2018"]
[Site "Bad Woerishofen"]
[Date "2018.03.02"]
[Round "8"]
[White "Loew, Peter"]
[Black "Villing, Dieter"]
[Result "1/2-1/2"]
[WhiteElo "2117"]
[BlackElo "2094"]
[PlyCount "121"]
[EventDate "2018.??.??"]
[WhiteTeam "SC Waldkraiburg"]
[BlackTeam "SK Ludwigshafen"]

1. e4 c5 2. Nf3 Nc6 3. d4 cxd4 4. Nxd4 Nf6 5. Nc3 e6 6. Ndb5 Bc5 7. Bf4 O-O 8.
Bc7 Qe7 9. Bd6 Bxd6 10. Nxd6 a6 11. Be2 Ne8 12. Nxe8 Rxe8 13. O-O b5 14. Qd2
Bb7 15. Rad1 Red8 16. Qd6 Rac8 17. a3 Kf8 18. f4 Qxd6 19. Rxd6 Ke7 20. Rd2 Na5
21. e5 d6 22. exd6+ Rxd6 23. Rfd1 Rxd2 24. Rxd2 Nc4 25. Bxc4 Rxc4 26. g3 h6 27.
Kf2 g5 28. Ke3 gxf4+ 29. gxf4 Bc6 30. Rd4 Rc5 31. Kf2 f6 32. Kg3 a5 33. Kf2 Kf7
34. Kg3 f5 35. Rd2 b4 36. axb4 axb4 37. Ne2 Kf6 38. c3 b3 39. Rd4 Bb5 40. Ng1
Rc8 41. Nf3 Rg8+ 42. Kf2 Bc6 43. Rb4 Bd5 44. c4 Bxf3 45. Kxf3 Rc8 46. Ke3 e5
47. Rb6+ Ke7 48. fxe5 Rxc4 49. Rxb3 Ke6 50. Rb6+ Kxe5 51. Rxh6 Rb4 52. Rh8 Rb3+
53. Kf2 Rxb2+ 54. Kf3 Rb3+ 55. Kf2 Ke4 56. Re8+ Kf4 57. Re2 Kg4 58. Re3 Rb2+
59. Kg1 f4 60. Rc3 Re2 61. Rb3 1/2-1/2

[Event "Senioren 2018"]
[Site "Bad Woerishofen"]
[Date "2018.03.02"]
[Round "8"]
[White "Meul, Willi"]
[Black "Heppell, Ian N"]
[Result "0-1"]
[WhiteElo "1930"]
[BlackElo "2035"]
[PlyCount "54"]
[EventDate "2018.??.??"]
[WhiteTeam "SV Hürth-Berrenrath"]

1. d4 d6 2. Nf3 f5 3. c4 Nf6 4. Nc3 g6 5. g3 Bg7 6. Bg2 O-O 7. O-O Qe8 8. Qc2
Nc6 9. d5 Nb4 10. Qb3 a5 11. a3 Na6 12. Be3 Ng4 13. Bd4 Bxd4 14. Nxd4 Ne5 15.
f4 Nc5 16. Qc2 Nxc4 17. Qc1 Bd7 18. b3 Nb6 19. e4 c6 20. exf5 gxf5 21. Qe3 cxd5
22. Nxd5 Nxd5 23. Bxd5+ e6 24. b4 exd5 25. Qxe8 Rfxe8 26. bxc5 dxc5 27. Nc2 Re2
0-1

[Event "Senioren 2018"]
[Site "Bad Woerishofen"]
[Date "2018.03.02"]
[Round "8"]
[White "Narr, Irmgard"]
[Black "Braeu, Emmi"]
[Result "1-0"]
[WhiteElo "1679"]
[BlackElo "1519"]
[PlyCount "69"]
[EventDate "2018.??.??"]
[WhiteTeam "SC Mühlhof-Reichelsdorf"]
[BlackTeam "SK Marktoberdorf"]

1. e4 c5 2. Nf3 Nc6 3. d4 cxd4 4. Nxd4 g6 5. Be3 Bg7 6. c3 Nf6 7. f3 d5 8. exd5
Nxd5 9. Bf2 O-O 10. Bc4 Ne5 11. Bb3 Qd7 12. O-O Rd8 13. Nd2 Nc6 14. Ne4 b6 15.
Qe2 Bb7 16. Rad1 Qe8 17. Nb5 Na5 18. Bxd5 Rxd5 19. Nc7 Qa4 20. Nxd5 Bxd5 21.
Rxd5 Qxa2 22. Rfd1 Nc4 23. Rd8+ Rxd8 24. Rxd8+ Bf8 25. g4 Kg7 26. Rc8 Qb1+ 27.
Kg2 Ne5 28. Bd4 f6 29. Bxe5 fxe5 30. Ng5 Kf6 31. Nxh7+ Ke6 32. Nxf8+ Kf7 33.
Qc4+ Kg7 34. Ne6+ Kf6 35. Rf8# 1-0

[Event "Senioren 2018"]
[Site "Bad Woerishofen"]
[Date "2018.03.02"]
[Round "8"]
[White "Oser, Thor"]
[Black "Bjorgvik, Jan Arne"]
[Result "1/2-1/2"]
[WhiteElo "1650"]
[BlackElo "1756"]
[PlyCount "33"]
[EventDate "2018.??.??"]
[WhiteTeam "SK Jöhlingen"]

1. d4 d5 2. e3 Nf6 3. Bd3 e6 4. f4 c5 5. c3 cxd4 6. exd4 Bd6 7. Nf3 Nc6 8. Ne5
Qb6 9. Nd2 h6 10. Ndf3 Nd7 11. Qe2 Ndxe5 12. Nxe5 O-O 13. Be3 Qd8 14. O-O Ne7
15. Qh5 Nf5 16. Bd2 Qb6 17. Bxf5 1/2-1/2

[Event "Senioren 2018"]
[Site "Bad Woerishofen"]
[Date "2018.03.02"]
[Round "8"]
[White "Plischke, Berthold"]
[Black "Gundersen, Helge"]
[Result "0-1"]
[WhiteElo "1961"]
[BlackElo "2106"]
[PlyCount "24"]
[EventDate "2018.??.??"]
[WhiteTeam "SV Wesel"]

1. e4 e6 2. d4 d5 3. Nc3 dxe4 4. Nxe4 Qd5 5. Bd3 Nf6 6. Nxf6+ gxf6 7. Nf3 b6 8.
Bf4 Bd6 9. Bxd6 cxd6 10. Qd2 Nd7 11. O-O Bb7 12. c4 Qxf3 0-1

[Event "Senioren 2018"]
[Site "Bad Woerishofen"]
[Date "2018.03.02"]
[Round "8"]
[White "Rahn, Oskar"]
[Black "Neumann, Erwin"]
[Result "1-0"]
[WhiteElo "2048"]
[BlackElo "1789"]
[PlyCount "75"]
[EventDate "2018.??.??"]
[WhiteTeam "SK Frankenthal"]
[BlackTeam "SK Schwäbisch Hall"]

1. e4 e5 2. Nf3 Nf6 3. Nc3 d6 4. d4 exd4 5. Nxd4 Be7 6. Be2 O-O 7. O-O Bd7 8.
Be3 a6 9. f3 Nc6 10. Nxc6 Bxc6 11. Qd2 Nd7 12. Nd5 Re8 13. Nxe7+ Qxe7 14. Rad1
Rad8 15. Bg5 f6 16. Bc4+ Kf8 17. Bh4 Ne5 18. Bb3 Bb5 19. Qd5 Nf7 20. Rfe1 Bc6
21. Qh5 Kg8 22. Bf2 Rd7 23. Qg4 Kf8 24. f4 Nh6 25. Qh3 Rdd8 26. e5 Bd7 27. e6
Bc6 28. g4 d5 29. f5 Qb4 30. Rd4 Qa5 31. g5 fxg5 32. f6 g4 33. Qh4 Qxe1+ 34.
Bxe1 Rxe6 35. fxg7+ Kxg7 36. Qxd8 Rxe1+ 37. Kf2 Re8 38. Qg5+ 1-0

[Event "Senioren 2018"]
[Site "Bad Woerishofen"]
[Date "2018.03.02"]
[Round "8"]
[White "Reichwald, Klaus"]
[Black "Henrichsen, Erland"]
[Result "1-0"]
[WhiteElo "1813"]
[BlackElo "2009"]
[PlyCount "69"]
[EventDate "2018.??.??"]
[WhiteTeam "SC Lohhof"]

1. e4 c5 2. Nc3 Nc6 3. Bc4 a6 4. a4 e6 5. Nf3 Nge7 6. d3 g6 7. O-O Bg7 8. Re1
O-O 9. e5 b6 10. Bf4 Bb7 11. Ne4 Nf5 12. c3 h5 13. Nf6+ Bxf6 14. exf6 Qxf6 15.
Bg5 Qg7 16. Qb3 Bc8 17. Qxb6 Rb8 18. Qxc5 Rxb2 19. d4 Bb7 20. Rab1 d6 21. Qa3
Rxb1 22. Rxb1 Na5 23. Qb4 Be4 24. Re1 Nc6 25. Qb6 Bxf3 26. gxf3 Rc8 27. Bxa6
Rb8 28. Qxc6 f6 29. Bd2 Rb2 30. Re2 Rb1+ 31. Be1 Qh6 32. Qe8+ Kh7 33. Qf7+ Ng7
34. Qxf6 Qc1 35. Bd3 1-0

[Event "Senioren 2018"]
[Site "Bad Woerishofen"]
[Date "2018.03.02"]
[Round "8"]
[White "Rubke, Manfred"]
[Black "Johnsen, Oystein"]
[Result "1/2-1/2"]
[WhiteElo "2114"]
[BlackElo "1998"]
[PlyCount "32"]
[EventDate "2018.??.??"]
[WhiteTeam "TSV Haunstetten"]

1. c4 Nf6 2. f4 e6 3. Nf3 b6 4. e3 Bb7 5. b3 c5 6. Bb2 Nc6 7. Be2 Be7 8. O-O
O-O 9. a3 d5 10. cxd5 exd5 11. d4 cxd4 12. exd4 Bd6 13. Ne5 Ne7 14. Nc3 Rc8 15.
Qd3 Ne4 16. Bg4 f5 1/2-1/2

[Event "Senioren 2018"]
[Site "Bad Woerishofen"]
[Date "2018.03.02"]
[Round "8"]
[White "Schnell, Franz"]
[Black "Straesser, Gerda"]
[Result "1/2-1/2"]
[WhiteElo "1733"]
[BlackElo "1658"]
[PlyCount "72"]
[EventDate "2018.??.??"]
[WhiteTeam "SV Trossingen"]
[BlackTeam "SV Rottweil"]

1. d4 Nf6 2. Bf4 e6 3. e3 d5 4. Nf3 b6 5. Ne5 Bb7 6. Bd3 Be7 7. h3 O-O 8. O-O
Nbd7 9. Nd2 Rc8 10. Ndf3 c5 11. c3 cxd4 12. cxd4 Nxe5 13. Nxe5 a6 14. Qe2 b5
15. a4 bxa4 16. Rxa4 a5 17. Rfa1 Bb4 18. Nf3 Ne4 19. Ne1 Bc6 20. Bb5 Qb6 21.
Bxc6 Rxc6 22. Nc2 Bd2 23. Ne1 Rfc8 24. f3 Rc1 25. fxe4 Bxe1 26. Kh2 dxe4 27.
Rxc1 Rxc1 28. Rc4 Rxc4 29. Qxc4 Qb4 30. Qc8+ Qf8 31. Qc6 Bb4 32. Qxe4 h6 33. b3
Qd8 34. Qc6 Qd5 35. Qc8+ Kh7 36. Qc2+ Kg8 1/2-1/2

[Event "Senioren 2018"]
[Site "Bad Woerishofen"]
[Date "2018.03.02"]
[Round "8"]
[White "Singeisen, Hermann"]
[Black "Fitzke, Ulrich"]
[Result "1/2-1/2"]
[WhiteElo "1972"]
[BlackElo "1812"]
[PlyCount "68"]
[EventDate "2018.??.??"]
[BlackTeam "SV Bau-Union (Berlin)"]

1. c4 Nf6 2. Nc3 d5 3. cxd5 Nxd5 4. g3 b6 5. Bg2 Bb7 6. Nf3 g6 7. O-O Bg7 8. d4
O-O 9. Re1 Nxc3 10. bxc3 c5 11. Bb2 cxd4 12. cxd4 e6 13. e3 Nc6 14. Qa4 a6 15.
Rac1 b5 16. Qd1 Rc8 17. Qd2 Qa5 18. Bc3 b4 19. Ba1 Qa4 20. Ng5 h6 21. Ne4 Ba8
22. Nc5 Qb5 23. Bf1 Qa5 24. Bxa6 Rc7 25. Bf1 Ra7 26. Rc2 Rb8 27. Nb3 Qb6 28.
Bg2 Na5 29. Rec1 Bxg2 30. Kxg2 Nxb3 31. axb3 Ra3 32. Qd3 Qa5 33. Bb2 Qd5+ 34.
Kg1 Qxb3 1/2-1/2

[Event "Senioren 2018"]
[Site "Bad Woerishofen"]
[Date "2018.03.02"]
[Round "8"]
[White "Speicher, Franz"]
[Black "Flockerzi, Armin"]
[Result "1-0"]
[WhiteElo "1868"]
[BlackElo "1772"]
[PlyCount "91"]
[EventDate "2018.??.??"]
[WhiteTeam "SV Dicker Turm Esslingen"]
[BlackTeam "VfR-SC Koblenz"]

1. d4 d5 2. c4 c6 3. cxd5 cxd5 4. Nc3 e6 5. Bf4 Bb4 6. Bxb8 Bxc3+ 7. bxc3 Rxb8
8. Qa4+ Bd7 9. Qxa7 Qc8 10. Qa3 Bb5 11. Nf3 Nf6 12. Qb4 Ba6 13. e3 Bxf1 14.
Rxf1 Ne4 15. Rc1 b5 16. Nd2 Nxd2 17. Kxd2 f6 18. a4 bxa4 19. Qxa4+ Kf7 20. Rb1
Ra8 21. Qb5 Kg6 22. Rb2 Qc7 23. Rfb1 Rhc8 24. Qd3+ Kh6 25. f4 Ra3 26. Rb3 Ra2+
27. R3b2 Ra3 28. Rc2 g6 29. Rb5 Qa7 30. g4 Rc4 31. h4 Qd7 32. g5+ fxg5 33.
hxg5+ Kg7 34. Rcb2 Ra7 35. Qb1 Rac7 36. R2b3 h6 37. gxh6+ Kxh6 38. Qg1 Kg7 39.
Qg5 Qc6 40. Qe5+ Kf7 41. Rb6 Qd7 42. Rb8 Rc8 43. R3b7 R4c7 44. Rxc8 Rxb7 45.
Rh8 Qb5 46. Rh7+ 1-0

[Event "Senioren 2018"]
[Site "Bad Woerishofen"]
[Date "2018.03.02"]
[Round "8"]
[White "Spurga, Josef"]
[Black "Goris Schouwstra, Adry"]
[Result "1-0"]
[WhiteElo "1942"]
[BlackElo "1733"]
[PlyCount "49"]
[EventDate "2018.??.??"]
[WhiteTeam "VfL Sindelfingen"]

1. e4 e6 2. d4 d5 3. Nd2 dxe4 4. Nxe4 Bd7 5. Nf3 Bc6 6. Bd3 Nf6 7. Qe2 Nxe4 8.
Bxe4 Bxe4 9. Qxe4 c6 10. O-O Be7 11. Bf4 Nd7 12. c4 Nf6 13. Qc2 O-O 14. Rad1
Qa5 15. a3 Qh5 16. h3 Rfc8 17. Rfe1 Nd7 18. Ne5 Nxe5 19. Rxe5 Qg6 20. Qe2 Bf6
21. Re4 h6 22. Bc1 Rd8 23. Rg4 Qh7 24. Qf3 Rd7 25. Qxf6 1-0

[Event "Senioren 2018"]
[Site "Bad Woerishofen"]
[Date "2018.03.02"]
[Round "8"]
[White "Teubner, Wolfgang"]
[Black "Zwetz, Anita"]
[Result "1-0"]
[WhiteElo "1791"]
[BlackElo "1842"]
[PlyCount "169"]
[EventDate "2018.??.??"]
[WhiteTeam "SF Blaustein"]
[BlackTeam "TSV Kareth-Lappersdorf"]

1. d4 d5 2. Nf3 c6 3. Bf4 Qb6 4. Qc1 Nf6 5. e3 Bf5 6. Bd3 Bxd3 7. cxd3 Nbd7 8.
O-O Nh5 9. e4 e6 10. Bd2 h6 11. Nc3 Nhf6 12. Qc2 Be7 13. Rae1 O-O 14. h3 Rfe8
15. a3 Rac8 16. b4 Nf8 17. Qb1 Ng6 18. Rc1 a6 19. Ne2 Nh7 20. Rc3 f5 21. Ne5
Nhf8 22. Qc1 Bf6 23. Nxg6 Nxg6 24. e5 Bd8 25. Kh1 Rc7 26. Be3 Rf7 27. f4 Ref8
28. Rc2 Be7 29. g3 Ra8 30. Nc3 a5 31. Na4 Qb5 32. Nc5 Bxc5 33. Rxc5 Qa4 34.
Rxa5 Rxa5 35. bxa5 Qxa5 36. Qc5 Qa6 37. Qc3 Rf8 38. Rb1 Ra8 39. Bc1 Nf8 40. g4
Qa4 41. Rb3 g6 42. Kg2 Qa7 43. Qb4 b5 44. Rc3 Qb7 45. Kg3 Qd7 46. Rc2 Ra7 47.
Qc5 Ra6 48. Bd2 fxg4 49. Bb4 Qf7 50. hxg4 h5 51. Rh2 Ra7 52. gxh5 gxh5 53. Rxh5
Qxh5 54. Qxa7 Qg6+ 55. Kf2 Qxd3 56. Bxf8 Qd2+ 57. Kg3 Qe3+ 58. Kg4 Qg1+ 59. Kh5
Qh2+ 60. Kg5 Qg3+ 61. Kf6 Qxf4+ 62. Kxe6 Qxf8 63. Qe7 Qh6+ 64. Kd7 Qe3 65. e6
Qxd4 66. Qf7+ Kh8 67. e7 Qa7+ 68. Kxc6 Qa8+ 69. Kxb5 Qb7+ 70. Kc5 Qc7+ 71. Kxd5
Qb7+ 72. Kc4 Qa6+ 73. Kb3 Qd3+ 74. Kb4 Qd6+ 75. Kc4 Qc6+ 76. Kd3 Qb5+ 77. Ke4
Qe2+ 78. Kd4 Qd2+ 79. Kc5 Qc3+ 80. Kb5 Qb2+ 81. Kc6 Qc3+ 82. Kd7 Qd4+ 83. Ke8
Qd6 84. Qh5+ Kg8 85. Qg5+ 1-0

[Event "Senioren 2018"]
[Site "Bad Woerishofen"]
[Date "2018.03.02"]
[Round "8"]
[White "Thiel, Harry"]
[Black "Goldinger, Josef"]
[Result "1-0"]
[WhiteElo "1632"]
[BlackElo "1795"]
[PlyCount "119"]
[EventDate "2018.??.??"]
[WhiteTeam "Schachpinguine Berlin"]
[BlackTeam "SV Rottweil"]

1. e4 e6 2. d4 d5 3. Nc3 Bb4 4. a3 Bxc3+ 5. bxc3 c6 6. e5 Nd7 7. Qg4 g6 8. f4
f5 9. Qh3 Qb6 10. Nf3 c5 11. Ng5 Nf8 12. a4 Bd7 13. dxc5 Qxc5 14. Ba3 Qc8 15.
Be2 a6 16. O-O b5 17. a5 Qc6 18. Bb4 Rc8 19. Nf3 Qc7 20. Nd4 Kf7 21. g4 Qa7 22.
Kh1 Re8 23. Rae1 Ne7 24. Qh4 Nc6 25. gxf5 Nxd4 26. fxg6+ Nxg6 27. Qf6+ Kg8 28.
cxd4 Qxd4 29. c3 Qe4+ 30. Kg1 Qf5 31. Qxf5 exf5 32. Rd1 Be6 33. Rf3 Kf7 34. Rd4
Ne7 35. Rg3 Rhg8 36. Bh5+ Ng6 37. Kf2 Rc8 38. Ke3 Kg7 39. Rd2 Kh8 40. Rdg2 Nh4
41. Rg1 Rxg3+ 42. hxg3 Ng6 43. Rh1 Kg7 44. Rd1 Kf7 45. Rh1 Kg7 46. Be2 h6 47.
Rg1 Nf8 48. g4 fxg4 49. Bxg4 Bxg4 50. Rxg4+ Kf7 51. Rh4 Kg6 52. Kd4 Kf5 53.
Bxf8 Rxf8 54. Rxh6 Kg4 55. Rf6 Rc8 56. Rxa6 Kxf4 57. Rd6 Rc4+ 58. Kxd5 Rxc3 59.
a6 Ra3 60. e6 1-0

[Event "Senioren 2018"]
[Site "Bad Woerishofen"]
[Date "2018.03.02"]
[Round "8"]
[White "Titz, Waldemar"]
[Black "Dallmeier, Gerhard"]
[Result "1-0"]
[WhiteElo "1770"]
[BlackElo "1790"]
[PlyCount "91"]
[EventDate "2018.??.??"]
[WhiteTeam "SV Rottweil"]
[BlackTeam "Roland Weißenfels"]

1. e4 c5 2. c4 Nc6 3. Nf3 g6 4. d4 cxd4 5. Nxd4 Bg7 6. Be3 e6 7. Nc3 a6 8. Be2
Nge7 9. O-O O-O 10. Qd2 d6 11. Rfd1 Nxd4 12. Bxd4 Nc6 13. Bxg7 Kxg7 14. Qxd6
Qb6 15. b3 Rd8 16. Qg3 Bd7 17. Rd2 Be8 18. Rad1 Rxd2 19. Rxd2 Rd8 20. Rxd8 Qxd8
21. Qd3 Qxd3 22. Bxd3 Nd4 23. Ne2 Nxe2+ 24. Bxe2 Bc6 25. f3 Kf6 26. Kf2 Ke5 27.
Ke3 f5 28. exf5 exf5 29. g3 g5 30. f4+ gxf4+ 31. gxf4+ Kd6 32. Kd4 b6 33. Bd3
Bd7 34. b4 a5 35. a3 h6 36. h4 Ke6 37. Be2 Bc6 38. bxa5 bxa5 39. c5 Kf6 40. Bc4
Bd7 41. Bd5 Be6 42. c6 Bxd5 43. Kxd5 Ke7 44. a4 Kd8 45. h5 Kc7 46. Kc5 1-0

[Event "Senioren 2018"]
[Site "Bad Woerishofen"]
[Date "2018.03.02"]
[Round "8"]
[White "Waltenberger, Udo"]
[Black "Schinnerl, Werner"]
[Result "1-0"]
[WhiteElo "2038"]
[BlackElo "1866"]
[PlyCount "137"]
[EventDate "2018.??.??"]
[WhiteTeam "SV Eiche Reichenbrand"]

1. Nf3 b6 2. g3 Bb7 3. Bg2 e6 4. O-O f5 5. c4 Nf6 6. Nc3 Be7 7. b3 O-O 8. Bb2
Ne4 9. Qc2 Bf6 10. e3 c5 11. Rad1 Qe8 12. d4 Nxc3 13. Bxc3 Be4 14. Qe2 Qh5 15.
Rd2 Nc6 16. Ne5 Qxe2 17. Rxe2 cxd4 18. exd4 Bxg2 19. Kxg2 Bxe5 20. dxe5 f4 21.
gxf4 Rxf4 22. Rd1 Rf7 23. Rd3 Raf8 24. Red2 Nb8 25. Bb4 Rc8 26. Rf3 Rxf3 27.
Kxf3 Kf7 28. Ba3 Ke8 29. Ke4 Nc6 30. Rd3 Ne7 31. f4 Nf5 32. Rc3 a6 33. c5 b5
34. Bb4 Ne7 35. Rc1 Nf5 36. Bd2 Rc6 37. b4 Ne7 38. Rc3 Nd5 39. Rh3 h6 40. f5
Kf7 41. Rf3 Ke7 42. Kd4 Rc8 43. f6+ gxf6 44. exf6+ Nxf6 45. Bxh6 e5+ 46. Kc3
Ke6 47. Bg7 Ne8 48. Rf8 d6 49. Kb3 dxc5 50. bxc5 Ke7 51. Kb4 Rd8 52. Bh6 Rd4+
53. Ka5 Rc4 54. Kb6 Nf6 55. Rc8 Kd7 56. Rc7+ Ke6 57. Rc6+ Kf5 58. Kxa6 b4 59.
Kb5 Rh4 60. Bg7 Ne8 61. Rh6 Rf4 62. Rh5+ Kg6 63. Rxe5 Nxg7 64. c6 Nf5 65. Kb6
Rc4 66. c7 Kf6 67. Rxf5+ Kxf5 68. Kb7 b3 69. axb3 1-0

[Event "Senioren 2018"]
[Site "Bad Woerishofen"]
[Date "2018.03.02"]
[Round "8"]
[White "Wawrinsky, Ludwig"]
[Black "Blutharsch, Walter"]
[Result "0-1"]
[WhiteElo "1760"]
[BlackElo "1860"]
[PlyCount "84"]
[EventDate "2018.??.??"]
[WhiteTeam "SK Neuperlach"]
[BlackTeam "VfL Sindelfingen"]

1. e4 e5 2. Bc4 Nc6 3. a3 Bc5 4. Nc3 d6 5. Na4 Bb6 6. Nxb6 axb6 7. Nf3 Bg4 8.
h3 Bh5 9. c3 Nf6 10. d3 O-O 11. Bg5 h6 12. Be3 d5 13. exd5 Nxd5 14. Bd2 Qd6 15.
O-O Rad8 16. Qe2 Rfe8 17. g4 Bg6 18. Nh4 Nf4 19. Qf3 Bxd3 20. Bxd3 Qxd3 21.
Bxf4 exf4 22. Rad1 Qc4 23. Ng2 g5 24. Rfe1 Qb3 25. Rxd8 Rxd8 26. Qe2 Qd5 27. f3
Qd2 28. Kf1 Kf8 29. Qxd2 Rxd2 30. Re2 Rd3 31. Ne1 Rd1 32. Kf2 f6 33. Re4 Ne5
34. Ke2 Rb1 35. Rb4 Ke7 36. a4 Kd6 37. Rb5 Nc4 38. Nd3 c6 39. Rf5 Ke6 40. h4
Nxb2 41. h5 Nxd3 42. Kxd3 Ra1 0-1

[Event "Senioren 2018"]
[Site "Bad Woerishofen"]
[Date "2018.03.02"]
[Round "8"]
[White "Winter, Bernd"]
[Black "Grandl, Klaus"]
[Result "1-0"]
[WhiteElo "1925"]
[BlackElo "1588"]
[PlyCount "131"]
[EventDate "2018.??.??"]
[WhiteTeam "Münchener SC"]
[BlackTeam "Sportfr.Windach"]

1. e4 e5 2. Nf3 d6 3. d4 exd4 4. Nxd4 Nf6 5. Nc3 Be7 6. Be2 O-O 7. O-O Nbd7 8.
f4 Nc5 9. Bf3 Be6 10. b3 Qc8 11. f5 Bd7 12. Bg5 h6 13. Bxf6 Bxf6 14. Nd5 Qd8
15. Rb1 Be5 16. Ne2 c6 17. Ndf4 Qa5 18. b4 Qa3 19. bxc5 Qe3+ 20. Kh1 Bxf4 21.
Nxf4 Qxf4 22. Qxd6 Qxd6 23. cxd6 Rab8 24. g4 f6 25. c4 Rfe8 26. h4 Re5 27. Rg1
g5 28. Rg2 Rc5 29. Be2 Ra5 30. Bd3 Re5 31. Rh2 c5 32. hxg5 hxg5 33. Rh6 Kg7 34.
Rg6+ Kf7 35. Kg2 Bc6 36. Kf3 Rh8 37. Kg3 b6 38. Re1 Rh4 39. Bc2 Bd7 40. Rd1 Rh8
41. Rd2 Rh1 42. Rh2 Rxh2 43. Kxh2 Re8 44. Rh6 Kg7 45. Rh3 Bc6 46. Re3 Bd7 47.
a4 a5 48. Re1 Bc6 49. Kg3 Bd7 50. Kf3 Rh8 51. Rb1 Rb8 52. Ke3 Bc6 53. Kf3 Rb7
54. Rd1 Rd7 55. Ke3 Bb7 56. e5 fxe5 57. Be4 Bxe4 58. Kxe4 Kf6 59. Kd5 Rh7 60.
Kc6 e4 61. d7 Rxd7 62. Kxd7 Ke5 63. Rd5+ Kf4 64. Kd6 Kxg4 65. f6 e3 66. Re5 1-0

[Event "Senioren 2018"]
[Site "Bad Woerishofen"]
[Date "2018.03.02"]
[Round "8"]
[White "Zerweck, Christoph"]
[Black "Lainburg, Viktor"]
[Result "1-0"]
[WhiteElo "1897"]
[BlackElo "1960"]
[PlyCount "103"]
[EventDate "2018.??.??"]
[WhiteTeam "SV Herrenberg"]
[BlackTeam "SC Weiße Dame Ulm"]

1. e4 Nf6 2. Nc3 e5 3. f4 Bb4 4. fxe5 Bxc3 5. exf6 Bxf6 6. Nf3 d6 7. Bc4 O-O 8.
O-O Nc6 9. d3 Bg4 10. h3 Bxf3 11. gxf3 Ne5 12. Bb3 Ng6 13. f4 Re8 14. c3 Qd7
15. Qg4 Rad8 16. Qxd7 Rxd7 17. Bd2 Rde7 18. Rae1 Nf8 19. Re2 Nd7 20. Kg2 g6 21.
Kf3 Nc5 22. Bc2 a6 23. Rg1 Nd7 24. Kg4 Bg7 25. Kf3 b5 26. a4 b4 27. Ree1 bxc3
28. bxc3 Rb8 29. Rb1 Rxb1 30. Bxb1 c6 31. Bc2 Re8 32. Re1 Rb8 33. Rb1 Rxb1 34.
Bxb1 Nc5 35. Bc2 Kf8 36. d4 Nb7 37. Bd3 a5 38. Ke3 c5 39. Ba6 Nd8 40. d5 Bh6
41. Kd3 f6 42. c4 Ke7 43. Bxa5 Bxf4 44. Bc8 Nf7 45. Bc7 Ne5+ 46. Kc3 Bg3 47. a5
Be1+ 48. Kb3 Bxa5 49. Bxa5 h5 50. Bc3 g5 51. Bxe5 dxe5 52. Bf5 1-0